| 000 | 00738cam a2200181 i 4500 | ||
|---|---|---|---|
| 008 | 150327s2015 enka b 001 0 eng | ||
| 020 | _a9781472438133 (hardback : alk. paper) | ||
| 050 | 0 | 0 |
_aNA687 _b.G56 2015 |
| 082 | 0 | 0 | _a724/.7 |
| 245 | 0 | 0 |
_aGlobal perspectives on critical architecture : _bpraxis reloaded / _cedited by Gevork Hartoonian, University of Canberra, Australia. |
| 260 |
_aSurrey - England _bAshgate Publishing Ltd _c2015 |
||
| 300 |
_axiii, 229 pages : _billustrations ; |
||
| 650 | 0 |
_aArchitecture, Modern _v21st Century _xThemes, motives. |
|
| 650 | 0 |
_aArchitecture and globalization _xHistory _v21st Century |
|
| 650 | 0 |
_aArchitecture and technology _xHistory _v21st Century |
|
| 700 | 1 | _aHartoonian, Gevork, | |
| 942 | _cBK | ||
| 999 |
_c3586 _d3586 |
||